[Event "Steyr Landesliga 1819"]
[Site "Austria"]
[Date "2019.04.06"]
[Round "11.8"]
[White "Herzog, Alexander Martin"]
[Black "Maurer, Maximilian"]
[Result "0-1"]
[WhiteElo "1192"]
[BlackElo "1009"]
[PlyCount "82"]
[EventDate "2018.10.06"]
[EventType "team-tourn"]
[EventRounds "11"]
[EventCountry "AUT"]
[SourceTitle "EXT 2021"]
[Source "ChessBase"]
[SourceDate "2020.10.23"]
[SourceVersion "1"]
[SourceVersionDate "2020.10.23"]
[SourceQuality "1"]
[WhiteTeam "Graz Styria"]
[BlackTeam "Gratwein Strassengel"]
[WhiteTeamCountry "AUT"]
[BlackTeamCountry "AUT"]

1. d4 d5 2. c4 e6 3. Nc3 Nf6 4. Nf3 c6 5. e3 Qa5 6. Bd2 Bb4 7. a3 Bxc3 8. Bxc3 Qd8 9. Bd3 Nbd7 10. 0-0 0-0 11. c5 Re8 12. Qc2 Qc7 13. b4 b5 14. a4 Ba6 15. Ra3 h6 16. Rfa1 Rec8 17. axb5 Bxb5 18. Ra5 Qb7 19. Qe2 a6 20. Nd2 Ne4 21. Nxe4 dxe4 22. Bxb5 axb5 23. R1a3 Nf6 24. Qa2 Rxa5 25. Rxa5 Nd5 26. Qa3 Kh8 27. Ra7 Qb8 28. Rxf7 Kg8 29. Rd7 Nf6 30. Rd6 Kf7 31. g3 Ke7 32. Qa6 Qc7 33. Kg2 Ne8 34. Qa1 Nxd6 35. cxd6+ Qxd6 36. f3 exf3+ 37. Kxf3 Rf8+ 38. Ke2 Qd5 39. Qa7+ Ke8 40. Qxg7 Qc4+ 41. Kd2 Rf2+ 0-1